Fact sheet : Federal Republic of Germany.
| Format: | Book |
|---|---|
| Published: |
Kuala Lumpur:
MATRADE,
1997.
|
| Subjects: |
| LEADER | 00476cam a2200169 7i4500 | ||
|---|---|---|---|
| 001 | 0000006422 | ||
| 005 | 19991025090000.0 | ||
| 002 | ##000008110 | ||
| 020 | 0 | 0 | |a T000006186 |
| 090 | 0 | 0 | |a MAT 330.9 |b FAC |
| 090 | 0 | 0 | |a GERM 330.9 |b FAC |
| 245 | 0 | 0 | |a Fact sheet : |b Federal Republic of Germany. |
| 260 | 0 | 0 | |a Kuala Lumpur: |b MATRADE, |c 1997. |
| 300 | 0 | 0 | |a [n.p]. |
| 650 | 0 | 0 | |a Germany -- |x Economic conditions |
| 651 | 0 | 0 | |a Germany |
| 999 | |a 0000009178 |b Book |c Open shelf |e Business Information Centre | ||